10853nam a22012137a 450000500170000002000290001704000340004608200190008010000270009924500900012626000730021630000330028950400650032254600080038765000280039565000170042370000200044094200070046099900170046795201080048495201080059295201080070095201080080895201080091695201080102495201080113295201080124095201080134895201090145695201090156595201090167495201090178395201090189295201090200195201090211095201090221995201090232895201090243795201090254695201260265595201080278195201080288995201080299795201080310595201080321395201080332195201080342995201080353795201080364595201090375395201090386295201090397195201090408095201090418995201090429895201090440795201090451695201090462595201090473495201090484395201090495295201090506195201090517095201090527995201090538895201090549795201090560695201090571595201090582495201090593395201090604295201090615195201090626095201090636995201090647895201090658795201090669695201090680595201090691495201090702395201090713295201090724195201090735095201090745995201090756895201090767795201090778695201090789595201090800495201090811395201090822295201090833195201090844095201090854995201090865895201090876795201090887695201090898595201090909495201090920395201090931295201090942195201090953020251004083853.0 a9987617573cTZS 10,000/= aMCCLbeng.eAACR 2nd rev. ed. a330.015195 NDU aNdunguru, Philibert C. aEconometrics :ba science for non-experimental data analysisc/ Philibert C. Ndunguru aMorogoro :bResearch Information and Publication Department,cc2007. axi, 239 p. :c20 cm.bIll.; aIncludes bibliographical references (P. 233 - 235) and index aeng aEconomics, Mathematical aEconometrics aNdunguru, P. C. cBK c11790d11790 00104070aMU002bMU002d2023-10-01l0o330.015195 NDUp000436r2025-10-04 08:40:19t1w2025-10-04yBK 00104070aMU002bMU002d2023-10-01l0o330.015195 NDUp000437r2025-10-04 08:40:19t2w2025-10-04yBK 00104070aMU002bMU002d2023-10-01l0o330.015195 NDUp000438r2025-10-04 08:40:19t3w2025-10-04yBK 00104070aMU002bMU002d2023-10-01l0o330.015195 NDUp000439r2025-10-04 08:40:19t4w2025-10-04yBK 00104070aMU002bMU002d2023-10-01l0o330.015195 NDUp000440r2025-10-04 08:40:19t5w2025-10-04yBK 00104070aMU002bMU002d2023-10-01l0o330.015195 NDUp000441r2025-10-04 08:40:19t6w2025-10-04yBK 00104070aMU002bMU002d2023-10-01l0o330.015195 NDUp000442r2025-10-04 08:40:19t7w2025-10-04yBK 00104070aMU002bMU002d2023-10-01l0o330.015195 NDUp000443r2025-10-04 08:40:19t8w2025-10-04yBK 00104070aMU002bMU002d2023-10-01l0o330.015195 NDUp000444r2025-10-04 08:40:19t9w2025-10-04yBK 00104070aMU002bMU002d2023-10-01l0o330.015195 NDUp000445r2025-10-04 08:40:19t10w2025-10-04yBK 00104070aMU002bMU002d2023-10-01l0o330.015195 NDUp000446r2025-10-04 08:40:19t11w2025-10-04yBK 00104070aMU002bMU002d2023-10-01l0o330.015195 NDUp000447r2025-10-04 08:40:19t12w2025-10-04yBK 00104070aMU002bMU002d2023-10-01l0o330.015195 NDUp000448r2025-10-04 08:40:19t13w2025-10-04yBK 00104070aMU002bMU002d2023-10-01l0o330.015195 NDUp000449r2025-10-04 08:40:19t14w2025-10-04yBK 00104070aMU002bMU002d2023-10-01l0o330.015195 NDUp000450r2025-10-04 08:40:19t15w2025-10-04yBK 00104070aMU002bMU002d2023-10-01l0o330.015195 NDUp000451r2025-10-04 08:40:19t16w2025-10-04yBK 00104070aMU002bMU002d2023-10-01l0o330.015195 NDUp000452r2025-10-04 08:40:19t17w2025-10-04yBK 00104070aMU002bMU002d2023-10-01l0o330.015195 NDUp000453r2025-10-04 08:40:19t18w2025-10-04yBK 00104070aMU002bMU002d2023-10-01l0o330.015195 NDUp000454r2025-10-04 08:40:19t19w2025-10-04yBK 00104070aMU002bMU002d2023-10-01l0o330.015195 NDUp000455r2025-10-04 08:40:19t20w2025-10-04yBK 00104070aMU002bMU002d2009-05-01eMzumbe book shopl0o330.015195 NDUp000456r2025-10-04 08:44:18t1w2025-10-04yBK 00104070aMU002bMU002d2023-10-01l0o330.015195 NDUp000457r2025-10-04 08:46:19t1w2025-10-04yBK 00104070aMU002bMU002d2023-10-01l0o330.015195 NDUp000458r2025-10-04 08:46:19t2w2025-10-04yBK 00104070aMU002bMU002d2023-10-01l0o330.015195 NDUp000459r2025-10-04 08:46:19t3w2025-10-04yBK 00104070aMU002bMU002d2023-10-01l0o330.015195 NDUp000460r2025-10-04 08:46:19t4w2025-10-04yBK 00104070aMU002bMU002d2023-10-01l0o330.015195 NDUp000461r2025-10-04 08:46:19t5w2025-10-04yBK 00104070aMU002bMU002d2023-10-01l0o330.015195 NDUp000462r2025-10-04 08:46:19t6w2025-10-04yBK 00104070aMU002bMU002d2023-10-01l0o330.015195 NDUp000463r2025-10-04 08:46:19t7w2025-10-04yBK 00104070aMU002bMU002d2023-10-01l0o330.015195 NDUp000464r2025-10-04 08:46:19t8w2025-10-04yBK 00104070aMU002bMU002d2023-10-01l0o330.015195 NDUp000465r2025-10-04 08:46:19t9w2025-10-04yBK 00104070aMU002bMU002d2023-10-01l0o330.015195 NDUp000466r2025-10-04 08:46:19t10w2025-10-04yBK 00104070aMU002bMU002d2023-10-01l0o330.015195 NDUp000467r2025-10-04 08:46:19t11w2025-10-04yBK 00104070aMU002bMU002d2023-10-01l0o330.015195 NDUp000468r2025-10-04 08:46:19t12w2025-10-04yBK 00104070aMU002bMU002d2023-10-01l0o330.015195 NDUp000469r2025-10-04 08:46:19t13w2025-10-04yBK 00104070aMU002bMU002d2023-10-01l0o330.015195 NDUp000470r2025-10-04 08:46:19t14w2025-10-04yBK 00104070aMU002bMU002d2023-10-01l0o330.015195 NDUp000471r2025-10-04 08:46:19t15w2025-10-04yBK 00104070aMU002bMU002d2023-10-01l0o330.015195 NDUp000472r2025-10-04 08:46:19t16w2025-10-04yBK 00104070aMU002bMU002d2023-10-01l0o330.015195 NDUp000473r2025-10-04 08:46:19t17w2025-10-04yBK 00104070aMU002bMU002d2023-10-01l0o330.015195 NDUp000474r2025-10-04 08:46:19t18w2025-10-04yBK 00104070aMU002bMU002d2023-10-01l0o330.015195 NDUp000475r2025-10-04 08:46:19t19w2025-10-04yBK 00104070aMU002bMU002d2023-10-01l0o330.015195 NDUp000476r2025-10-04 08:46:19t20w2025-10-04yBK 00104070aMU002bMU002d2023-10-01l0o330.015195 NDUp000477r2025-10-04 08:46:19t21w2025-10-04yBK 00104070aMU002bMU002d2023-10-01l0o330.015195 NDUp000478r2025-10-04 08:46:19t22w2025-10-04yBK 00104070aMU002bMU002d2023-10-01l0o330.015195 NDUp000479r2025-10-04 08:46:19t23w2025-10-04yBK 00104070aMU002bMU002d2023-10-01l0o330.015195 NDUp000480r2025-10-04 08:46:19t24w2025-10-04yBK 00104070aMU002bMU002d2023-10-01l0o330.015195 NDUp000481r2025-10-04 08:46:19t25w2025-10-04yBK 00104070aMU002bMU002d2023-10-01l0o330.015195 NDUp000482r2025-10-04 08:46:19t26w2025-10-04yBK 00104070aMU002bMU002d2023-10-01l0o330.015195 NDUp000483r2025-10-04 08:46:19t27w2025-10-04yBK 00104070aMU002bMU002d2023-10-01l0o330.015195 NDUp000484r2025-10-04 08:46:19t28w2025-10-04yBK 00104070aMU002bMU002d2023-10-01l0o330.015195 NDUp000485r2025-10-04 08:46:19t29w2025-10-04yBK 00104070aMU002bMU002d2023-10-01l0o330.015195 NDUp000486r2025-10-04 08:46:19t30w2025-10-04yBK 00104070aMU002bMU002d2023-10-01l0o330.015195 NDUp000487r2025-10-04 08:46:19t31w2025-10-04yBK 00104070aMU002bMU002d2023-10-01l0o330.015195 NDUp000488r2025-10-04 08:46:19t32w2025-10-04yBK 00104070aMU002bMU002d2023-10-01l0o330.015195 NDUp000489r2025-10-04 08:46:19t33w2025-10-04yBK 00104070aMU002bMU002d2023-10-01l0o330.015195 NDUp000490r2025-10-04 08:46:19t34w2025-10-04yBK 00104070aMU002bMU002d2023-10-01l0o330.015195 NDUp000491r2025-10-04 08:46:19t35w2025-10-04yBK 00104070aMU002bMU002d2023-10-01l0o330.015195 NDUp000492r2025-10-04 08:46:19t36w2025-10-04yBK 00104070aMU002bMU002d2023-10-01l0o330.015195 NDUp000493r2025-10-04 08:46:19t37w2025-10-04yBK 00104070aMU002bMU002d2023-10-01l0o330.015195 NDUp000494r2025-10-04 08:46:19t38w2025-10-04yBK 00104070aMU002bMU002d2023-10-01l0o330.015195 NDUp000495r2025-10-04 08:46:19t39w2025-10-04yBK 00104070aMU002bMU002d2023-10-01l0o330.015195 NDUp000496r2025-10-04 08:46:19t40w2025-10-04yBK 00104070aMU002bMU002d2023-10-01l0o330.015195 NDUp000497r2025-10-04 08:46:19t41w2025-10-04yBK 00104070aMU002bMU002d2023-10-01l0o330.015195 NDUp000498r2025-10-04 08:46:19t42w2025-10-04yBK 00104070aMU002bMU002d2023-10-01l0o330.015195 NDUp000499r2025-10-04 08:46:19t43w2025-10-04yBK 00104070aMU002bMU002d2023-10-01l0o330.015195 NDUp000500r2025-10-04 08:46:19t44w2025-10-04yBK 00104070aMU002bMU002d2023-10-01l0o330.015195 NDUp000501r2025-10-04 08:46:19t45w2025-10-04yBK 00104070aMU002bMU002d2023-10-01l0o330.015195 NDUp000502r2025-10-04 08:46:19t46w2025-10-04yBK 00104070aMU002bMU002d2023-10-01l0o330.015195 NDUp000503r2025-10-04 08:46:19t47w2025-10-04yBK 00104070aMU002bMU002d2023-10-01l0o330.015195 NDUp000504r2025-10-04 08:46:19t48w2025-10-04yBK 00104070aMU002bMU002d2023-10-01l0o330.015195 NDUp000505r2025-10-04 08:46:19t49w2025-10-04yBK 00104070aMU002bMU002d2023-10-01l0o330.015195 NDUp000506r2025-10-04 08:46:19t50w2025-10-04yBK 00104070aMU002bMU002d2023-10-01l0o330.015195 NDUp000507r2025-10-04 08:46:19t51w2025-10-04yBK 00104070aMU002bMU002d2023-10-01l0o330.015195 NDUp000508r2025-10-04 08:46:19t52w2025-10-04yBK 00104070aMU002bMU002d2023-10-01l0o330.015195 NDUp000509r2025-10-04 08:46:19t53w2025-10-04yBK 00104070aMU002bMU002d2023-10-01l0o330.015195 NDUp000510r2025-10-04 08:46:19t54w2025-10-04yBK 00104070aMU002bMU002d2023-10-01l0o330.015195 NDUp000511r2025-10-04 08:46:19t55w2025-10-04yBK 00104070aMU002bMU002d2023-10-01l0o330.015195 NDUp000512r2025-10-04 08:46:19t56w2025-10-04yBK 00104070aMU002bMU002d2023-10-01l0o330.015195 NDUp000513r2025-10-04 08:46:19t57w2025-10-04yBK 00104070aMU002bMU002d2023-10-01l0o330.015195 NDUp000514r2025-10-04 08:46:19t58w2025-10-04yBK 00104070aMU002bMU002d2023-10-01l0o330.015195 NDUp000515r2025-10-04 08:46:19t59w2025-10-04yBK 00104070aMU002bMU002d2023-10-01l0o330.015195 NDUp000516r2025-10-04 08:46:19t60w2025-10-04yBK 00104070aMU002bMU002d2023-10-01l0o330.015195 NDUp000517r2025-10-04 08:46:19t61w2025-10-04yBK 00104070aMU002bMU002d2023-10-01l0o330.015195 NDUp000518r2025-10-04 08:46:19t62w2025-10-04yBK 00104070aMU002bMU002d2023-10-01l0o330.015195 NDUp000519r2025-10-04 08:46:19t63w2025-10-04yBK